00398nam a2200097Ia 45000010005000000080041000050820026000461000065000722450139001372600024002761564241024s9999 xx 000 0 und d a[*SIN CLASIFICACION*] aRepública Dominicana.Secretaría de Estado de Educación 0aConcierto Vivirá "Homenaje al Profesor Juan Bosch", Auspiciado por Secretaria de Estado de Educación Gestión Educativa 2008-2012 bSanto Domingoc2008